000 00758nam a2200277Ia 4500
008 170203s9999 xx 000 0 und d
020 _a0 886878624
050 _a0 30
050 _bW927 2001
100 _aWiesenfeld, Lori P.
245 4 _aThe World almanac and book of facts 2001 /
245 _cmanaging editor, Lori P. Wiesenfeld.
260 _aMahway, N.J. :
260 _bWorld Almanac Books.
260 _c2001
300 _a1008 pages :
300 _billustrations (some color), color maps ;
300 _c21 cm.
500 _aIncludes index in front.
650 _aAlmanacs, American.
650 _aAlmanacs.
650 _aStatistics.
650 _aUnited States --
650 _aUnited States.
650 _xStatistics.
999 _c305856
_d305856